000 00516nam a2200169Ia 4500
008 230718s9999 xx 000 0 und d
020 _a9788172737122
041 _aeng
082 _a364.16'80
_bSHA
100 _aSharma S.
_9106416
245 _aCorporate Crimes And Financial Frauds
_bWith Biggest Financial Frauds In The History Of India
260 _c2013
_bAuthorspress
300 _a225
365 _cRs.
_b700.00
700 _aSharma S.
_9106416
906 _dO:0354525-Nov-2013B:430211-Oct-2013
_cGENRL
_b154
999 _c334061
_d334061